Online
Catalog

Una estrategia para el desarrollo dominicano / (Record no. 3005)

MARC details
000 -CABECERA
campo de control de longitud fija 01105nam a2200301 u 4500
001 - NÚMERO DE CONTROL
campo de control 000003174
003 - IDENTIFICADOR DEL NÚMERO DE CONTROL
campo de control DO-SdBNP
005 - FECHA Y HORA DE LA ÚLTIMA TRANSACCIÓN
campo de control 20250701132841.0
007 - CAMPO FIJO DE DESCRIPCIÓN FÍSICA--INFORMACIÓN GENERAL
campo de control de longitud fija ta
008 - DATOS DE LONGITUD FIJA--INFORMACIÓN GENERAL
campo de control de longitud fija 090707s1977 dr 001 0dspa d
040 ## - FUENTE DE LA CATALOGACIÓN
Centro catalogador/agencia de origen DO-SdBNP
Lengua de catalogación spa
Centro/agencia transcriptor BNPHU
082 4# - NÚMERO DE LA CLASIFICACIÓN DECIMAL DEWEY
Número de clasificación 338.7293
Número de documento/Ítem H565u
Número de edición 22
100 1# - ENTRADA PRINCIPAL--NOMBRE DE PERSONA
Nombre de persona Herrera Miniño, Fabio,
Fechas asociadas al nombre 1939 -
9 (RLIN) 10028
245 10 - MENCIÓN DE TÍTULO
Título Una estrategia para el desarrollo dominicano /
Mención de responsabilidad, etc. Fabio Herrera Miniño ; prólogo. Virgilio Alcántara.
260 ## - PUBLICACIÓN, DISTRIBUCIÓN, ETC.
Lugar de publicación, distribución, etc. [Santo Domingo] :
Nombre del editor, distribuidor, etc. Universidad Católica Madre y Maestra,
Fecha de publicación, distribución, etc. 1977.
300 ## - DESCRIPCIÓN FÍSICA
Extensión 131 p. ;
Dimensiones 22 cm
504 ## - NOTA DE BIBLIOGRAFÍA, ETC.
Nota de bibliografía, etc. Bibliografía : p.131.
590 ## - NOTA LOCAL (RLIN)
Nota local Inventariado, 2018 / DG
650 #0 - PUNTO DE ACCESO ADICIONAL DE MATERIA--TÉRMINO DE MATERIA
Término de materia o nombre geográfico como elemento de entrada Política económica
9 (RLIN) 84931
650 #0 - PUNTO DE ACCESO ADICIONAL DE MATERIA--TÉRMINO DE MATERIA
Término de materia o nombre geográfico como elemento de entrada Desarrollo económico
9 (RLIN) 85548
650 #4 - PUNTO DE ACCESO ADICIONAL DE MATERIA--TÉRMINO DE MATERIA
Término de materia o nombre geográfico como elemento de entrada Potencial de crecimiento
Subdivisión cronológica REPÚBLICA DOMINICANA
9 (RLIN) 10029
650 #4 - PUNTO DE ACCESO ADICIONAL DE MATERIA--TÉRMINO DE MATERIA
Término de materia o nombre geográfico como elemento de entrada Desarrollo económico y social
9 (RLIN) 7372
651 #4 - PUNTO DE ACCESO ADICIONAL DE MATERIA--NOMBRE GEOGRÁFICO
Nombre geográfico República Dominicana
Subdivisión general Condiciones Sociales
9 (RLIN) 46
651 #4 - PUNTO DE ACCESO ADICIONAL DE MATERIA--NOMBRE GEOGRÁFICO
Nombre geográfico República Dominicana
Subdivisión general Condiciones Económicas
9 (RLIN) 281
700 ## - PUNTO DE ACCESO ADICIONAL--NOMBRE DE PERSONA
Nombre de persona Alcántara, Virgilio
Término indicativo de función/relación prólogo
9 (RLIN) 6466
910 ## - DATOS DE OPCIÓN DEL USUARIO (OCLC)
Datos de opción del usuario Validado. Control de calidad EMS
942 ## - ELEMENTOS DE PUNTO DE ACCESO ADICIONAL (KOHA)
Fuente del sistema de clasificación o colocación Dewey Decimal Classification
Tipo de ítem Koha Libro
Holdings
Estado de retiro Estado de pérdida Restricciones de uso No para préstamo Código de colección Localización permanente Ubicación/localización actual Ubicación en estantería Fecha de adquisición Número de inventario Total de préstamos Signatura topográfica completa Código de barras Fecha visto por última vez Número de copia Precio válido a partir de Tipo de ítem Koha Fuente de adquisición Fuente del sistema de clasificación o colocación Información codificada de la localización en otra ubicación Nota pública
  Extraviado   Préstamo en sala Dominicana de Servicio Biblioteca Nacional Pedro Henríquez Ureña Biblioteca Nacional Pedro Henríquez Ureña Extraviado 08.07.2009     BNPHU DS 338.7293 H565u 3174-30 25.06.2020 e. 3 25.06.2020 Libro 016076 Dewey Decimal Classification Deposito L S/A
  Extraviado     Dominicana de Servicio General General Extraviado 27.05.2013 LF1   338.7293 H565u 3174-50 25.06.2020 e. 5 25.06.2020 Libro y Folleto Colección Dominicana de Servicio        
  Extraviado     Dominicana de Servicio General General Extraviado 08.07.2009 LF1   338.7293 H565u 3174-40 25.06.2020 e. 4 25.06.2020 Libro y Folleto Colección Dominicana de Servicio 013522      
        Patrimonio Dominicano Patrimonio Dominicano Patrimonio Dominicano Orden iniciada 25.07.2013 LF1   338.7293 H565u 3174-60 25.06.2020   25.06.2020 Libro y Folleto Colección Patrimonio Dominicano        
      Excluido de préstamo Patrimonio Dominicano Patrimonio Dominicano Patrimonio Dominicano Depósito 07.07.2009 LF1   338.7293 H565u 3174-10 25.06.2020   25.06.2020 Libro y Folleto Colección Patrimonio Dominicano 013521      
      Excluido de préstamo Patrimonio Dominicano Patrimonio Dominicano Patrimonio Dominicano Depósito 08.07.2009 LF1   338.7293 H565u 3174-20 25.06.2020 e. 2 25.06.2020 Libro y Folleto Colección Patrimonio Dominicano 020841      

Powered by Koha